| 000 | 00754nam a22001937a 4500 | ||
|---|---|---|---|
| 999 |
_c6359 _d6359 |
||
| 003 | AR-CdUCM | ||
| 008 | 190315b ||||| |||| 00| 0 esp d | ||
| 040 |
_aMUNICIPALIDAD PROVINCIAL DEL CUSCO _cBIBLIOTECA MUNICIPAL DEL CUSCO |
||
| 082 |
_a869.56 / _bAR66 |
||
| 100 |
_aAramburu, Lecaros Helena _918146 |
||
| 245 |
_aComo árbol milenario / _cHelena Aramburu Lecaros. |
||
| 260 |
_aLima : _bAndres Avelino Aramburu, _c1948. |
||
| 300 |
_a126 paginas ; _c21 cm |
||
| 500 | _aDonación de la familia Luis Nieto. | ||
| 505 | _aComo árbol milenario -- Mis manos tocaron -- Hoy soy fuerte -- Anula tu carta -- La rosa del día -- Quiero que la muerte sea -- Mi corazon es hoy ovillo ... | ||
| 650 |
_aPoesía _9444 |
||
| 942 |
_2ddc _cLIBROS |
||
| 945 | _aacrt | ||